A Digitális alapú alprogram innovatív módszertana

The digitalization-related pillar of the Complex Basic Program seeks to facilitate the digital transformation process at the institutional level via the organisation of further training programs for in-service teachers and mentored innovation schemes. The design process of the respective com prehens...

Teljes leírás

Elmentve itt :
Bibliográfiai részletek
Szerző: Racsko Réka
Dokumentumtípus: Cikk
Megjelent: 2020
Sorozat:Módszertani közlemények 60 No. 2
Kulcsszavak:Oktatásügy - prognosztika, Információs társadalom, Digitális technika, Infokommunikáció, Tanulási környezet - elektronikus, Digitális oktatás - módszer, Információs technológia - oktatás, Pedagógia - módszer, Informatika
Online Access:http://acta.bibl.u-szeged.hu/74597
LEADER 01934nab a2200205 i 4500
001 acta74597
005 20220309093059.0
008 220309s2020 hu o 0|| hun d
022 |a 2063-3734 
040 |a SZTE Egyetemi Kiadványok Repozitórium  |b hun 
041 |a hun 
041 |a eng 
100 1 |a Racsko Réka 
245 1 2 |a A Digitális alapú alprogram innovatív módszertana  |h [elektronikus dokumentum] /  |c  Racsko Réka 
260 |c 2020 
300 |a 25-32 
490 0 |a Módszertani közlemények  |v 60 No. 2 
520 3 |a The digitalization-related pillar of the Complex Basic Program seeks to facilitate the digital transformation process at the institutional level via the organisation of further training programs for in-service teachers and mentored innovation schemes. The design process of the respective com prehensive service and support portfolio was guided by the recognition that a once- only measure is not sufficient to generate a methodological culture change. The aim of the further training scheme for in-service teachers is to enable the participants to apply digital devices in teaching and in the arrangement of the education process, while familiarising them with the methodology of ICT-based class or lesson design and the means of collection and production of digital text components relevant to the given pedagogical objective. It is hoped that teachers having com pleted the program will be able to apply innovative digital technology assisted methodological solutions in the classroom while providing effective support for the respective learning process. 
695 |a Oktatásügy - prognosztika, Információs társadalom, Digitális technika, Infokommunikáció, Tanulási környezet - elektronikus, Digitális oktatás - módszer, Információs technológia - oktatás, Pedagógia - módszer, Informatika 
856 4 0 |u http://acta.bibl.u-szeged.hu/74597/1/modszertani_060_002_025-032.pdf  |z Dokumentum-elérés